「帰れま10」のランキングから店名を当てる #5 - Statistics

General Stats
  • This quiz has been taken 133 times
  • The average score is 6 of 10
Answer Stats
答え % Correct
リンガーハット
96%
{ファミリーマート}(レジ前商品編)
96%
不二家洋菓子店
88%
ほっともっと
78%
かっぱ寿司
76%
森永製菓
75%
天丼てんや
59%
Big Boy
33%
しゃぶしゃぶ温野菜
24%
すたみな太郎
20%
No matching quizzes found
Score Distribution
Percent of People with Each Score
Percentile by Number Answered
Your Score History
You have not taken this quiz